000 00256nam a22001217a 4500
008 170911b xxu||||| |||| 00| 0 eng d
041 _aeng
080 _a91
100 _a42
101 _aGEO
245 _aTHE SOLAR SYSTEM
_cWOOD.J.A
942 _2udc
_cBK
999 _c26996
_d26996